Statistiques concernant Les plus grandes villes du monde commençant par Saint

Cliquez ici pour prendre le quiz!

Statistiques générales

  • Ce quiz a été pris 122 fois
  • Le résultat moyen est 11 sur 20

Statistiques - réponses

PaysVilles% Correct
RussieSaint-Petersbourg
94%
BrésilSão Paulo
92%
ChiliSantiago
90%
République dominicaineSantiago
90%
Costa RicaSan José
85%
États-UnisSan José
85%
YémenSana'a
81%
République dominicaineSaint-Domingue
78%
SalvadorSan Salvador
77%
États-UnisSan Francisco
65%
États-UnisSan Diego
64%
États-UnisSaint-Louis
53%
États-UnisSan Antonio
42%
Puerto RicoSan Juan
39%
BolivieSanta Cruz de la Sierra
13%
VenezuelaSan Cristobal
11%
HondurasSan Pedro Sula
9%
BrésilSão Luis
9%
MexiqueSan Luis Potosi
8%
EspagneSanta Cruz de Tenerife
7%

Distribution des résultats

Percentile par nombre de réponses

% des personnes avec chaque résultat

Votre développement - résultats

Vous n’avez pas pris ce quiz